Six Letter Geography - E - Statistics

General Stats
  • This quiz has been taken 45 times
  • The average score is 3 of 10
Answer Stats
Hint Answer % Correct
Continent North of Africa and West of Asia Europe
100%
Island which is also known as Rapa Nui Easter
88%
Magnitude is how much ______ is released Energy
56%
Large Greek island in the Aegean sea Euboea
29%
Famous volcano in Antarctica Erebus
24%
Term for a large political entity Empire
22%
A long, steep slope or cliff Escarp
12%
When land rises above the water level Emerge
5%
Used for artificial or synthetic landscapes Ersatz
0%
The release of gases from a volcano Exhale
0%
No matching quizzes found
Score Distribution
Percent of People with Each Score
Percentile by Number Answered
Your Score History
You have not taken this quiz